Normal view
MARC view
- Grosenick Uta Ed
Entry Personal Name
001 - CONTROL NUMBER
- control field: 211789
003 - CONTROL NUMBER IDENTIFIER
- control field: OSt
005 - DATE AND TIME OF LATEST TRANSACTION
- control field: 20250328152624.0
008 - FIXED-LENGTH DATA ELEMENTS
- fixed length control field: 250328|| aca||aabn | a|a d
040 ## - CATALOGING SOURCE
- Original cataloging agency: OSt
- Transcribing agency: OSt
100 ## - HEADING--PERSONAL NAME
- Personal name: Grosenick Uta Ed
670 ## - SOURCE DATA FOUND
- Source citation: Work cat.: (OSt)365821: Hess Barbara 211788, Abstract Expressionism, 2024